00487 2200181 4500001002100000005001500021035002000036007000300056008004100059020002200100082000800122084001400130100001700144245004400161260004400205300004600249650001000295INLIS00000000000040520221031025123 a0010-1022000147ta221031 b 0 ind  a978-979-27-2829-3 a623 a623 CLA b0 aClare Oliver1 aBeberapa Kapal Bersayap /cClare Oliver aJakarta :bElex Media Komputindo,c2008 a32 halaman :bilustrasi berwarna ;c20 cm 4aSains